Normal view
MARC view
- China -- Politics and government -- 1976-2002 Chinese Studies
Entry Topical Term
001 - CONTROL NUMBER
- control field: 116215
003 - CONTROL NUMBER IDENTIFIER
- control field: NUST
005 - DATE AND TIME OF LATEST TRANSACTION
- control field: 20230912165911.0
008 - FIXED-LENGTH DATA ELEMENTS
- fixed length control field: 230912|| aca||aabn | a|a d
040 ## - CATALOGING SOURCE
- Original cataloging agency: NUST
- Transcribing agency: NUST
150 ## - HEADING--TOPICAL TERM
- Topical term or geographic name entry element: China -- Politics and government -- 1976-2002 Chinese Studies
670 ## - SOURCE DATA FOUND
- Source citation: Work cat.: (NUST): Wang, James C.F. 28007, Contemporary Chinese politics : an introduction / 5th ed., 1995
